[Event "3rd Sharjah Masters 2019"]
[Site "Sharjah"]
[Date "2019.03.27"]
[Round "6.10"]
[White "Nguyen, Anh Khoi"]
[Black "Nihal, Sarin"]
[Result "1/2-1/2"]
[WhiteElo "2484"]
[BlackElo "2578"]
[Annotator "TA"]
[PlyCount "48"]
[EventDate "2019.03.22"]
[EventType "swiss"]
[EventCountry "UAE"]
[SourceTitle "playchess.com"]
[Source "ChessBase"]
[SourceQuality "1"]

{[%evp 11,48,0,0,0,8,0,0,0,0,0,0,0,0,0,0,0,0,0,15,14,7,0,15,0,15,12,13,5,17,11,18,18,18,0,21,0,25,0,13]} 1. d4 d6 2. c4 e5 3. Nc3 exd4 4. Qxd4 Nf6 5. b3 Nc6 6. Qd2 a5 7. Bb2 {A21: English Opening: 1...e5 2 Nc3} a4 8. Rd1 axb3 9. axb3 g6 (9... Be7 10. e4 O-O 11. Bd3 Nd7 12. Nd5 Nc5 13. Qc3 Bf6 14. Nxf6+ Qxf6 15. Qxf6 gxf6 16. Bxf6 {½-½ (43) Inarkiev,E (2693)-Najer,E (2670) Moscow 2018}) 10. Nf3 Bg7 11. g3 O-O 12. Bg2 Nd7 {Threatening ...Nc5.} 13. Na4 Bxb2 $146 ({Predecessor:} 13... Nc5 14. Nxc5 dxc5 15. Bxg7 Kxg7 {½-½ (22) Klatt,O (2450)-Boschma,B (2453) ICCF email 2009}) 14. Qxb2 Qf6 15. Qxf6 Nxf6 16. Nc3 Re8 17. O-O Bg4 18. h3 Bf5 19. e3 Be4 20. Ra1 Rec8 21. Nb5 Ne8 22. Nc3 Nf6 23. Nb5 Ne8 24. Nc3 Nf6 {Accuracy: White = 48%, Black = 64%.} 1/2-1/2

[Event "3rd Sharjah Masters 2019"]
[Site "Sharjah"]
[Date "2019.03.27"]
[Round "6.11"]
[White "Koniahli, Malek."]
[Black "Matlakov, Maxim"]
[Result "0-1"]
[WhiteElo "2294"]
[BlackElo "2692"]
[Annotator "TA"]
[PlyCount "107"]
[EventDate "2019.03.22"]
[EventType "swiss"]
[EventCountry "UAE"]
[SourceTitle "playchess.com"]
[Source "ChessBase"]
[SourceQuality "1"]

{[%evp 9,107,5,24,-31,-36,-25,-24,-29,-22,-30,-17,-21,-18,-30,-18,-27,-22,-56,-56,-38,-55,-41,-47,-53,-50,-49,-49,-45,0,0,0,-23,-3,-14,4,-6,4,-4,0,-76,22,29,31,27,24,16,26,31,47,35,95,29,32,33,31,-8,-6,-30,-30,-30,-33,-33,-33,-37,-31,-58,-53,-91,-88,-84,-23,-27,-14,-52,-29,-264,-256,-650,-674,-671,-666,-641,-491,-957,-1084,-820,-820,-1163,-1118,-902,-829,-29981,-29982,-29980,-29980,-29980,-29981,-29989,-29990,-29992]} 1. d4 Nf6 2. Nf3 d5 3. Bf4 c5 4. e3 Nc6 5. c3 Nh5 (5... Qb6 6. Qc2 g6 7. Nbd2 Bg7 8. h3 O-O 9. Be2 Nd7 10. O-O e5 11. dxe5 Ndxe5 12. Nxe5 Nxe5 13. e4 dxe4 14. Nxe4 {½-½ (23) Laznicka,V (2668)-Nisipeanu,L (2674) Germany 2019}) 6. Bg5 {D02: 1 d4 d5 2 Nf3 sidelines, including 2...Nf6 3 g3 and 2...Nf6 3 Bf4} (6. dxc5 $11 Nxf4 7. exf4) 6... h6 $15 7. Bh4 Qb6 8. Qb3 {Black has an edge.} g5 9. Bg3 $146 ({Predecessor:} 9. Qxb6 axb6 10. Bg3 g4 11. Ng1 Nxg3 12. hxg3 f6 13. Bd3 {0-1 (26) Hailparn,M (1944)-Pino Munoz,F (2022) ICCF email 2011}) 9... Nxg3 10. hxg3 Bg7 11. Qxb6 axb6 12. Na3 {[%cal Bb1a3,Ba3b5,Bb5c7][%mdl 32]} e6 13. Nb5 Ke7 14. Nd2 Bd7 15. Be2 Ra4 16. O-O Rha8 17. Nc7 $1 {[%cal Rc7a8]} Rc8 18. Nb5 e5 {[%cal Rc5d4]} 19. dxc5 bxc5 20. c4 d4 $1 21. Ne4 Nd8 22. b3 $132 {[%mdl 2048] White has counterplay} Ra6 23. g4 h5 24. Ng3 (24. exd4 $11 {remains equal.} cxd4 25. c5 (25. gxh5 f5 $15)) 24... e4 (24... Bxg4 $17 25. Bxg4 hxg4) 25. exd4 $11 cxd4 26. Rae1 hxg4 27. Nxe4 f5 28. Ng3 Kf8 $1 29. Bd3 Rc5 {[#]} (29... f4 $14) 30. b4 (30. f4 $1 $16) 30... Re5 31. Rxe5 Bxe5 32. Nxf5 Rxa2 33. Re1 ({Don't go for} 33. Nfxd4 $2 Bxd4 34. Nxd4 Rd2 $19) 33... Nc6 34. Be4 Bxf5 35. Bxf5 g3 36. fxg3 Bxg3 37. Rf1 {Bb1+ is the strong threat.} Ke7 38. Bc8 d3 ({Much worse is} 38... Nxb4 $6 39. Nxd4 Bf4 40. Nf5+ Kf6 41. g3 $11) 39. Bxb7 Ne5 (39... Nxb4 $17 {Strongly threatening ...Rc2.} 40. Be4 Rb2) 40. Nd4 {Black must now prevent Nf5+.} Kd7 {Hoping for ...d2.} 41. c5 d2 {[%mdl 1024] Black has compensation.} 42. c6+ $2 (42. Rd1 $1 $11 {and White stays safe.}) 42... Kc7 $19 43. Nb5+ $2 (43. Rd1 Nc4 44. Kf1 Ne3+ {[%mdl 64] Double Attack} 45. Ke2 Nxd1 46. Kxd1) 43... Kb6 44. Nc3 Rc2 45. Nd5+ Kb5 46. c7 {[#]} (46. Ne3 $142 Rc1 47. Nd1) 46... Rc1 $1 {[%cal Rc1f1] ( -> ...Rxf1+)} 47. Ne3 Rxc7 48. Be4 Rc1 49. Nd1 Kxb4 50. Bf3 Nxf3+ {Black mates.} 51. gxf3 Kc4 52. Kg2 Be1 53. f4 Rxd1 54. Rh1 {Accuracy: White = 47%, Black = 69%.} 0-1

[Event "3rd Sharjah Masters 2019"]
[Site "Sharjah"]
[Date "2019.03.27"]
[Round "6.12"]
[White "Sargissian, Gabriel"]
[Black "Sindarov, Javokhir"]
[Result "1/2-1/2"]
[WhiteElo "2689"]
[BlackElo "2505"]
[Annotator "TA"]
[PlyCount "174"]
[EventDate "2019.03.22"]
[EventType "swiss"]
[EventCountry "UAE"]
[SourceTitle "playchess.com"]
[Source "ChessBase"]
[SourceQuality "1"]

{[%evp 19,174,46,72,91,102,86,86,49,64,54,49,50,75,73,96,34,60,44,54,58,68,60,56,57,138,134,129,107,271,94,95,7,7,10,7,-44,33,26,28,0,0,0,0,0,0,0,0,0,0,0,0,0,12,9,18,8,8,8,8,8,9,12,48,4,50,5,5,5,13,13,13,13,19,19,39,49,74,74,74,22,46,38,161,161,161,47,47,49,60,60,94,50,50,51,58,32,39,39,39,32,39,39,39,39,39,32,39,39,39,39,39,39,39,39,39,39,39,39,39,39,39,39,46,39,46,47,47,47,47,32,32,32,61,47,54,54,61,61,76,22,22,22,22,22,22,22,22,22,23,22,22,22,22,22,31,22,46]} 1. Nf3 Nf6 2. c4 c5 3. Nc3 g6 4. d4 cxd4 5. Nxd4 Bg7 6. e4 d6 7. Be2 O-O 8. O-O Nc6 9. Be3 Bd7 10. Qd2 a5 11. Ndb5 {B38: Sicilian: Maroczy Bind with 5...Bg7 and 7...0-0} (11. h3 a4 12. f4 Qa5 13. Rad1 Rfc8 14. f5 Ne5 15. b3 axb3 16. axb3 Bc6 17. Qc2 b5 18. Bf4 bxc4 19. Bxe5 cxb3 20. Qxb3 Qxe5 21. fxg6 hxg6 {0-1 (61) Sipila,V (2418)-Guseinov,G (2664) Tallinn 2019}) 11... a4 12. f3 Qa5 13. Rab1 {White is better.} Rfc8 14. b3 $146 ({Predecessor:} 14. Rfc1 Be6 15. Nd5 Qxd2 16. Bxd2 Nxd5 17. cxd5 Nd4 18. Bd3 Bd7 19. Nxd4 Bxd4+ {½-½ (55) Ghinda,M (2455)-Petursson,M (2560) Katerini 1993}) 14... axb3 15. axb3 Be6 16. f4 Bg4 {With the idea ...Nxe4!} 17. Bd3 (17. Rfd1 $16) 17... Bd7 $14 18. Kh1 Nb4 19. Bd4 Nc6 20. Bg1 Nb4 21. e5 dxe5 (21... Ne8 $1 $14) 22. fxe5 $16 Bxb5 23. exf6 ({And not} 23. Nxb5 Ng4 $11) 23... Rd8 $2 (23... Bxf6 $16 {was worth a try.} 24. Rxf6 (24. Nxb5 Rd8 $14) 24... Bc6) 24. fxg7 $2 (24. fxe7 $18 Rxd3 {[%mdl 64] Double Attack} 25. Qf4) 24... Rxd3 25. Qe2 (25. Qf4 $1 $16 {[%csl Gf1][%cal Rf4f7]} Be8 26. Ne4) 25... Bc6 $1 $11 {Black wants to play ...Qg5.} 26. Qxe7 {[%csl Gf1][%cal Re7f7]} Rd7 $132 {[%mdl 2048] Black puts up resistance} 27. Qe2 (27. Qf6 $11) 27... Qh5 (27... Na2 $15 28. Ra1 Qxc3 {[%mdl 64] Double Attack} 29. Rxa2 Rxa2 30. Qxa2 Qd2) 28. Qxh5 $14 gxh5 29. Rfd1 Rad8 30. Bb6 (30. Bc5 {with more complications.} Nc2 31. Rxd7 Rxd7 32. Ne2 h4 33. Nf4) 30... Rxd1+ 31. Rxd1 Rxd1+ 32. Nxd1 Kxg7 $11 {[%mdl 4096] Endgame KBN-KBN} 33. Kg1 Kg6 34. Nc3 Nd3 35. Ne2 f5 36. Be3 Bd7 37. Kf1 b5 38. cxb5 Bxb5 39. Kg1 Bd7 40. Bd2 f4 41. b4 Kf6 42. Nc3 Ke5 43. b5 Kd6 44. Ne4+ Ke5 45. b6 Bc6 46. Ng5 Kd6 47. Nxh7 Kc5 48. Nf6 h4 {[#]} 49. Nd7+ (49. Nh5 $1 $16) 49... Kd6 50. Nf8 Kc5 ({Better is} 50... Be4 $14) 51. Ne6+ $18 Kxb6 {[#]} 52. Bxf4 (52. h3 $1 $18) 52... Bd7 $14 53. Be3+ Kc6 $1 54. Ng5 h3 55. gxh3 Kd5 56. Kg2 Ke5 57. h4 {Strongly threatening h5.} Bg4 58. Nf7+ Ke6 59. Nd8+ (59. Kg3 {is more complex.} Be2 60. Nh6 Ke5 61. Bd2 Nc5 62. Bc3+) 59... Kd7 60. Kg3 Bh5 61. Nb7 Ke6 62. Bd4 Kd5 63. Bc3 Kc6 64. Na5+ Kd5 65. Ba1 Bd1 66. Nb7 Bh5 67. Bf6 Ke6 68. Bg5 Kd5 69. Be7 Ke6 70. Ba3 Bd1 71. Nd6 Bh5 72. Nc4 Kd5 73. Ne3+ Ke4 74. Nf1 Nf4 75. Bd6 Nd3 76. Be7 Kf5 77. Ne3+ Ke6 78. Bd8 Kf7 79. h3 ({White should play} 79. Nd5 $16) 79... Kg6 $11 80. Ng4 Kf5 81. Bc7 Kg6 82. Bb6 Kf5 83. Bd4 Kg6 84. Nf6 Be2 85. Ng4 Bd1 86. Be3 Be2 87. Bg5 Bd1 {Accuracy: White = 49%, Black = 52%.} 1/2-1/2

[Event "3rd Sharjah Masters 2019"]
[Site "Sharjah"]
[Date "2019.03.27"]
[Round "6.13"]
[White "Venkatesh, M.R."]
[Black "Sjugirov, Sanan"]
[Result "0-1"]
[WhiteElo "2517"]
[BlackElo "2667"]
[Annotator "TA"]
[PlyCount "109"]
[EventDate "2019.03.22"]
[EventType "swiss"]
[EventCountry "UAE"]
[SourceTitle "playchess.com"]
[Source "ChessBase"]
[SourceQuality "1"]

{[%evp 15,109,20,30,25,25,27,19,13,5,0,14,6,23,0,33,28,34,34,70,43,35,14,13,19,12,12,13,5,37,10,12,0,1,-4,-3,0,0,0,-1,-10,-12,-13,-13,-14,0,0,0,-3,-8,-12,-12,-12,-12,-12,-12,-56,-49,-49,-49,-52,-49,-67,-53,-56,-49,-45,-40,-26,-19,-41,-8,-8,-8,-8,-8,-8,-8,-8,-8,-8,-8,-8,-8,-8,-8,-8,-8,-29977,-30,-29978,-29979,-29980,-29981,-29982,-29982,-29993]} 1. Nf3 Nf6 2. c4 e6 3. g3 b6 4. Bg2 Bb7 5. O-O g6 6. Nc3 Bg7 7. d4 Ne4 8. Nxe4 Bxe4 9. Bg5 {A50: Queen's Fianchetto Defence (1 d4 Nf6 2 c4 b6)} (9. Ne5 Bxg2 10. Kxg2 c5 11. Be3 Bxe5 12. dxe5 Qc7 13. Bd2 Nc6 14. Bc3 O-O-O 15. f4 h5 16. e3 g5 {0-1 (39) Fedoseev,V (2731)-Rodshtein,M (2695) Tbilisi 2017}) 9... f6 10. Be3 Nc6 11. d5 {The position is equal.} Ne7 {[%cal Re6d5]} 12. dxe6 dxe6 13. Qa4+ Bc6 14. Qb3 {[#]} Qc8 $146 ({Predecessor:} 14... O-O 15. Nd4 Bxg2 16. Kxg2 Qd7 17. Rad1 c5 18. Nb5 Qb7+ 19. f3 Rfd8 20. Rxd8+ Rxd8 21. Rd1 Nc6 22. Rxd8+ Nxd8 23. Qa4 Nc6 {½-½ (23) Kavalek,L (2545)-Spassky,B (2610) Solingen 1977}) 15. Qa3 Kf7 16. Rfd1 h6 17. Rd2 Rd8 18. Rad1 Rxd2 19. Rxd2 e5 20. b4 a6 21. Qc1 g5 (21... Rb8 {keeps more tension.} 22. Qc2 Qe6 23. h4 Rc8 24. a4 f5) 22. b5 (22. h4 {with more complications.} g4 23. Ne1 Qe6 24. Bxc6 Qxc6 25. h5) 22... axb5 23. cxb5 Bxb5 {[#]} 24. Nxe5+ $1 {[%mdl 512]} fxe5 25. Bxa8 Qxa8 26. Qxc7 Qe4 {...Bc6 is the strong threat.} 27. Qc2 Qxc2 28. Rxc2 Nd5 {[#]} 29. Bxb6 $1 {[%mdl 512]} Ba4 (29... Nxb6 30. Rb2) 30. Rc4 Bd1 (30... Nxb6 $5 31. Rb4 $8 Bd1 32. Rxb6 Bxe2 $11) 31. Be3 {Strongly threatening Kf1.} Bxe2 ({Of course not} 31... Nxe3 $6 32. fxe3 Bxe2 33. Rc7+ Kg6 34. a4 $16) 32. Rc5 Ke6 33. Rc6+ Kd7 34. Rg6 Bf8 35. h4 (35. Rg8 $5 {[%cal Rg8f8]} Ke8 36. Bc5 $17) 35... gxh4 36. gxh4 h5 37. a4 Bb4 38. Bc1 e4 39. Be3 Nxe3 40. fxe3 Be1 41. Rg2 $1 {[%cal Rg2e2]} Bf3 42. Rc2 Bxh4 {aiming for ...Bd8.} 43. a5 Bd8 44. a6 Bb6 45. Kf2 h4 46. Ra2 {Black must now prevent a7.} Ba7 47. Rb2 {And now Rb7+ would win.} Kc8 {White should prevent ...h3.} 48. Rc2+ Kb8 49. Rc6 $1 h3 {Threatens to win with ...h2.} 50. Rh6 Bg2 {With the idea ...Bc5.} 51. Rc6 $2 {[%mdl 8192] [#]} (51. Rh8+ $11 Kc7 52. Rh6) 51... Ka8 $2 (51... Bxe3+ $1 {[%mdl 512] mates} 52. Kg3 {[#]} (52. Kxe3 h2) 52... Bf2+ $1 {[%mdl 512]} 53. Kh2 e3 54. Re6 Bf3 55. Kxh3 e2 56. Re8+ Ka7 57. Re6 e1=Q 58. Rxe1 Bxe1 59. Kh2 Bf2 60. Kh3 Be1 61. Kh2 Bf2 62. Kh3 Be1) 52. Rc7 $2 {[%mdl 8192] [#]} (52. Rh6 $11) 52... Bxe3+ $1 {[%mdl 576] Promotion. Black mates.} 53. Kxe3 h2 54. Rh7 h1=Q 55. Kd4 {Accuracy: White = 47%, Black = 53%.} 0-1

[Event "3rd Sharjah Masters 2019"]
[Site "Sharjah"]
[Date "2019.03.27"]
[Round "6.14"]
[White "Mareco, Sandro"]
[Black "Harsha, Bharathakoti"]
[Result "1-0"]
[WhiteElo "2666"]
[BlackElo "2497"]
[Annotator "TA"]
[PlyCount "61"]
[EventDate "2019.03.22"]
[EventType "swiss"]
[EventCountry "UAE"]
[SourceTitle "playchess.com"]
[Source "ChessBase"]
[SourceQuality "1"]

{[%evp 9,61,8,13,2,13,0,0,-4,7,7,2,0,12,0,0,0,11,0,0,0,0,0,0,0,56,48,24,45,38,-2,98,93,91,12,13,0,90,89,102,106,566,545,1404,895,870,879,843,779,768,770,1016,737,718,687]} 1. c4 e6 2. Nf3 d5 3. e3 Nf6 4. Nc3 b6 5. b3 Bb7 6. Bb2 {A17: English Opening: 1...Nf6 with ...Bb4} Nbd7 7. cxd5 exd5 8. d4 {The position is equal.} a6 9. g3 Bd6 10. Bg2 O-O 11. O-O Qe7 12. Rc1 Rfe8 13. Ne1 $146 ({Predecessor:} 13. Nd2 Rad8 {1-0 (28) Nakamura,H (2746)-Ganguly,S (2615) Kolkata 2018}) 13... Ne4 14. Nd3 Ndf6 15. Ne2 a5 16. Re1 h5 (16... Bb4 $11) 17. f3 Ng5 18. Nc3 Qd7 19. Nf2 Ba6 (19... Rad8 $11) 20. f4 $16 Nge4 {[#]} 21. Ncxe4 (21. Nxd5 $1 $16 {[%mdl 512]} Nxd5 22. Bxe4) 21... dxe4 $11 22. d5 $36 {[%mdl 2048] Bxf6 is the strong threat. White is pushing.} Bb4 (22... Qf5 $1 $11 {remains equal.}) 23. Bxf6 $1 $16 Bxe1 24. Nxe4 Bb4 $2 {[%mdl 8192]} (24... Qf5 $16 {is a better chance.}) 25. Qxh5 $18 {White is clearly winning.} Bd3 26. Bh3 Qxh3 27. Qxh3 Bxe4 28. Qg4 {[%csl Gf6][%cal Rg4g7]} Bf8 29. f5 Kh7 30. Rxc7 {Intending Qh5+ and mate.} Bxd5 {[#]} 31. Bxg7 $1 {[%mdl 64] Clearance. Accuracy: White = 75%, Black = 32%.} 1-0

[Event "3rd Sharjah Masters 2019"]
[Site "Sharjah"]
[Date "2019.03.27"]
[Round "6.15"]
[White "Iturrizaga Bonelli, Eduardo"]
[Black "Aditya, Mittal"]
[Result "0-1"]
[WhiteElo "2639"]
[BlackElo "2454"]
[Annotator "TA"]
[PlyCount "58"]
[EventDate "2019.03.22"]
[EventType "swiss"]
[EventCountry "UAE"]
[SourceTitle "playchess.com"]
[Source "ChessBase"]
[SourceQuality "1"]

{[%evp 9,58,-22,-25,0,5,-22,-15,-6,-12,-27,-7,-10,-5,-8,-16,-20,-19,-17,-12,-14,-13,-29,-18,-20,-13,-58,0,0,0,0,0,-39,27,29,21,-110,-95,-268,-279,-453,-460,-433,-87,-1736,-1734,-1688,-1656,-1390,-1416,-1145,28]} 1. c4 Nf6 2. Nc3 e5 3. Nf3 Nc6 4. Qc2 (4. d3 d5 5. cxd5 Nxd5 6. e4 Nxc3 7. bxc3 Bc5 8. Be2 O-O 9. O-O Bb6 10. a4 Re8 11. Qc2 Qf6 12. Kh1 h6 13. Ng1 Qd6 14. f4 Bxg1 15. Rxg1 exf4 {0-1 (42) Kramnik,V (2777)-Giri,A (2783) Wijk aan Zee 2019}) 4... g6 5. e3 Bg7 6. a3 {A28: English Opening: Four Knights Variation} d6 7. b4 Bf5 8. d3 {[#]The position is equal.} e4 $1 {[%mdl 512]} 9. Nd2 {[%cal Rd3e4]} (9. Nxe4 Nxe4) 9... d5 $146 {White must now prevent ...exd3.} ({Predecessor:} 9... exd3 10. Bxd3 Bxd3 11. Qxd3 {0-1 (52) Colle,E-Steiner,E Hastings Town Hall 1925}) 10. dxe4 Nxe4 11. Ndxe4 Bxe4 {[#]} 12. Nxe4 $1 {[%mdl 512]} Bxa1 (12... dxe4 13. Qxe4+) 13. cxd5 Qxd5 {Strongly threatening ...f5.} 14. Bc4 Qf5 15. Bd3 {Hoping for Nd6+!} O-O 16. Nc5 $1 Qc8 17. h4 Qg4 (17... Bg7 $15) 18. Be4 $11 Rfe8 19. h5 {aiming for hxg6.} Rad8 20. O-O (20. f3 $5 {[%cal Rf3g4]} Qg3+ 21. Kf1 $15) 20... Qh4 ({Black should play} 20... Qxh5 $15 21. Bf3 Qg5) 21. hxg6 hxg6 22. Bxg6 (22. g3 $11 {remains equal.} Qg4 23. Kg2) 22... fxg6 $17 23. Qa2+ $2 (23. Nxb7 $17 {only move.} Ne5 24. Nxd8 Rxd8 25. Qxc7) 23... Kh7 $19 {Threatens to win with ...Ne5.} 24. Qxa1 $2 (24. Nxb7 Rb8 25. Qxa1 Rxb7 26. f4) 24... Ne5 {( -> ...Ng4)} 25. Qa2 Rf8 $2 $40 {[%mdl 128] Black wants a kill.} (25... b6 $2 26. Ne6 $19) (25... Ng4 $19 {[%csl Gg4][%cal Rh4h2] has better winning chances.} 26. Qf7+ {[%mdl 64] Double Attack} Kh6 27. Qf4+ g5) 26. f3 $2 {[%mdl 8192] [#]} (26. f4 $17) 26... Ng4 $1 {[%csl Gg4][%cal Rh4h2][%mdl 512] Black is clearly winning.} 27. g3 (27. fxg4 Rxf1+) 27... Qxg3+ {[%mdl 64] Double Attack} 28. Qg2 {[#]} Rxf3 $1 {[%mdl 576] Deflection} 29. Rxf3 Rd1+ {[%mdl 32832] Double Attack. Accuracy: White = 50%, Black = 43%. . Loss on time!?} 0-1

[Event "3rd Sharjah Masters 2019"]
[Site "Sharjah"]
[Date "2019.03.27"]
[Round "6.16"]
[White "Mendonca, Leon Luke"]
[Black "Ganguly, Surya Shekhar"]
[Result "1/2-1/2"]
[WhiteElo "2446"]
[BlackElo "2633"]
[Annotator "TA"]
[PlyCount "137"]
[EventDate "2019.03.22"]
[EventType "swiss"]
[EventCountry "UAE"]
[SourceTitle "playchess.com"]
[Source "ChessBase"]
[SourceQuality "1"]

{[%evp 12,137,39,44,59,35,41,26,42,0,0,-10,-43,-28,-10,-12,-11,-31,-31,-31,-31,-30,-12,-28,-32,-25,-18,0,52,24,169,114,129,144,118,22,53,51,54,48,187,16,14,0,0,0,0,0,0,0,0,-21,-21,-21,-21,-21,-19,-85,-21,-36,-27,-108,-91,-91,-91,-91,-60,-68,-74,-88,0,-113,-22,-25,-25,-26,-26,-27,-27,-27,-27,-34,-20,-97,-15,-8,-8,-110,0,0,0,0,0,0,0,0,0,0,0,0,0,0,0,-8,0,0,0,0,0,0,0,0,0,0,0,0,0,0,0,0,0,0,0,0,0,0,0,0]} 1. d4 Nf6 2. c4 g6 3. Nc3 Bg7 4. e4 d6 5. h3 O-O 6. Be3 c6 7. Nf3 Na6 {E90: King's Indian: Classical: Early deviations and 6 h3} 8. Be2 e5 9. d5 Nh5 {White has an edge.} 10. Nd2 Nf4 11. Bf1 f5 12. g3 Nxd5 $146 ({Predecessor:} 12... Ne6 13. exf5 gxf5 14. dxe6 f4 15. Nde4 fxe3 16. fxe3 Bxe6 17. Qxd6 Qxd6 18. Nxd6 {0-1 (47) Esipenko,A (2509)-Giri,A (2785) Sochi 2017}) 13. cxd5 f4 14. Bxa6 fxe3 15. fxe3 bxa6 16. dxc6 Be6 $1 {next ...Rc8 is good for Black.} 17. Nd5 Bxd5 $1 18. exd5 Qg5 $1 {[%cal Rg5g3]} 19. Ke2 e4 (19... Bh6 $11 20. Qb3 Rab8) 20. Qc2 Kh8 (20... Rab8 $11 {and Black has nothing to worry.}) 21. Raf1 (21. Qxe4 $18 Rae8 22. Qd3) 21... Qxd5 22. Rxf8+ $1 Rxf8 23. c7 (23. Nxe4 Qb5+ 24. Qd3 Qxc6 $15) (23. Rc1 $16) 23... Rc8 24. Rc1 ({Don't play} 24. Qxe4 Qb5+ 25. Qc4 Rxc7 $11) 24... Qb5+ 25. Qc4 Bxb2 ({Don't go for} 25... Qh5+ $2 26. g4 $18) (25... Qxc4+ $1 $14 26. Rxc4 d5) 26. Qxb5 $2 (26. Rb1 $1 $18) 26... axb5 $14 {[%mdl 4096] Endgame KRB-KRN} 27. Rb1 Be5 28. Rxb5 Rxc7 29. Nxe4 Rc2+ 30. Kf3 Rxa2 31. Ng5 Rb2 32. Ra5 Rb7 33. g4 Kg7 34. Ke4 (34. Ne6+ $11 {remains equal.} Kh6 35. Nd8) 34... Re7 ({Black should play} 34... Bc3 $17 35. Ra6 Bb4) 35. Kd5 Bc3 36. Ne6+ (36. Ra6 $11) 36... Kf6 ({Of course not} 36... Rxe6 $6 37. Rxa7+ Kf6 38. g5+ $1 {[%mdl 512]} Kf5 39. Rf7+ Bf6 40. Rxf6+ Rxf6 41. gxf6 $11) 37. Ra3 Bb4 38. g5+ Kf7 39. Ra4 Rxe6 40. Rxb4 $15 {KR-KR} a5 ({Black should try} 40... Rxe3 $17 41. Kxd6 Re6+ 42. Kd5 Rb6 43. Rf4+ Kg7) 41. Ra4 (41. Rb3 $11) 41... Ke7 (41... Rxe3 $17 {White must now prevent ...Re5+.} 42. Kxd6 h6 43. Rf4+ Kg8) 42. Rh4 $11 Re5+ 43. Kd4 Rxg5 {...Rh5 is the strong threat.} 44. Rxh7+ Ke6 45. Ra7 $1 Rb5 46. e4 g5 47. Ke3 {[#]} (47. Ra8 $1 $11) 47... Rb3+ ({Better is} 47... d5 $1 $17 48. Ra6+ Ke5 49. exd5 Kxd5) 48. Kd4 Rb4+ 49. Kd3 {[#]} (49. Ke3 $1 $11 {keeps the balance.}) 49... Ra4 (49... a4 $1 $17 50. Ra5 Rb3+ 51. Kc4 Rg3 52. Rxa4 Ke5) 50. Rg7 {The position is equal.} Kf6 51. Rd7 $1 Ke5 {aiming for ...Ra3+.} 52. Re7+ Kf4 {And now ...Ra3+ would win.} 53. Rf7+ Kg3 54. Rg7 $1 Kf4 55. Rf7+ Ke5 {Hoping for ...Rd4+.} 56. Re7+ Kf6 57. Rd7 $1 Ke6 58. Rg7 Ra3+ 59. Kd4 Rxh3 60. Rxg5 a4 61. Ra5 a3 62. Ra7 Rg3 63. Ra6 Kd7 64. e5 dxe5+ 65. Kxe5 Kc7 {Threatens to win with ...Kb7.} 66. Kd4 Kb7 67. Ra5 Kb6 68. Ra8 Kb5 69. Rb8+ {Accuracy: White = 47%, Black = 45%.} 1/2-1/2

[Event "3rd Sharjah Masters 2019"]
[Site "Sharjah"]
[Date "2019.03.27"]
[Round "6.17"]
[White "Pichot, Alan"]
[Black "Raghunandan, Kaumandur Srihari"]
[Result "1-0"]
[WhiteElo "2584"]
[BlackElo "2352"]
[Annotator "TA"]
[PlyCount "47"]
[EventDate "2019.03.22"]
[EventType "swiss"]
[EventCountry "UAE"]
[SourceTitle "playchess.com"]
[Source "ChessBase"]
[SourceQuality "1"]

{[%evp 12,47,2,-14,0,-13,-18,-36,-35,-21,9,16,34,26,29,11,70,67,122,114,121,89,118,126,216,204,179,151,185,182,177,177,177,175,277,272,439,431]} 1. d4 Nf6 2. Nf3 d5 3. c4 e6 4. g3 Bb4+ 5. Nbd2 dxc4 6. Bg2 O-O 7. O-O b5 {E04: Open Catalan: 5 Nf3} 8. a4 c6 9. b3 (9. Ne1 Nd5 10. e4 Nb6 11. a5 N6d7 12. e5 Bb7 13. Ne4 Na6 14. Bg5 {½-½ (44) Wang,H (2709)-Ding,L (2777) Huaian 2017}) 9... c3 {Black is slightly better.} 10. Nb1 $1 {[%cal Bd2b1,Bb1c3,Bc3b5,Bb5d4,Bd4c6][%mdl 32]} Bb7 11. Qc2 c5 {[#] Threatens to win with ...Be4.} 12. Nxc3 cxd4 $146 ({Predecessor:} 12... bxa4 13. dxc5 axb3 14. Qxb3 a5 15. Bf4 {0-1 (61) Landa,K (2645)-Movsesian,S (2659) Czechia 2015}) 13. Nxb5 Be4 (13... Nc6 $11) 14. Qc4 $14 Nc6 (14... a6 $14) 15. Nfxd4 $16 Nxd4 16. Bxe4 ({Worse is} 16. Qxd4 Qxd4 17. Nxd4 Bxg2 $17) 16... Nxe4 17. Nxd4 Bc3 (17... Nc3 $16 18. Nc6 (18. Qxb4 Qxd4 {[%mdl 64] Remove Defender, Decoy} 19. Qxd4 Nxe2+ {[%mdl 64] Double Attack} 20. Kg2 Nxd4 $11) 18... Qd6) 18. Nc6 $18 Qd7 19. Ra2 Rfc8 {[#] And now ...f5 would win.} 20. Qxe4 Qxc6 21. Qxc6 Rxc6 22. Rc2 {aiming for Bb2.} Rac8 (22... Rc7 $142 23. Bf4 e5) 23. Be3 R6c7 $2 (23... Ba5 {is a better defense.} 24. Rxc6 Rxc6 25. Bxa7 Rc2) 24. Rfc1 {Accuracy: White = 67%, Black = 33%.} 1-0

[Event "3rd Sharjah Masters 2019"]
[Site "Sharjah"]
[Date "2019.03.27"]
[Round "6.18"]
[White "Asgarizadeh, Ahmad"]
[Black "Chanda, Sandipan"]
[Result "1/2-1/2"]
[WhiteElo "2434"]
[BlackElo "2534"]
[Annotator "TA"]
[PlyCount "46"]
[EventDate "2019.03.22"]
[EventType "swiss"]
[EventCountry "UAE"]
[SourceTitle "playchess.com"]
[Source "ChessBase"]
[SourceQuality "1"]

{[%evp 19,46,22,21,8,15,11,31,33,39,18,37,42,52,41,43,35,32,27,38,48,47,7,56,44,115,0,0,0,43]} 1. e4 c5 2. Nf3 d6 3. d4 cxd4 4. Nxd4 Nf6 5. Nc3 a6 6. Be2 e6 7. Be3 Be7 8. f4 O-O 9. g4 {[%cal Bg2g4,Bg4g5][%mdl 32]} d5 {B84: Sicilian Scheveningen: 6 Be2 a6, lines without early Be3} (9... Nc6 10. g5 Nd7 11. Rg1 Re8 12. h4 Nxd4 13. Qxd4 b5 14. a3 Rb8 15. h5 Bf8 16. O-O-O Qa5 17. g6 fxg6 18. hxg6 {0-1 (36) So,W (2765)-Grandelius,N (2682) Caleta 2019}) 10. e5 Nfd7 {LiveBook: 3 Games} 11. h4 Nc6 12. g5 Qb6 $146 ({Predecessor:} 12... Nxd4 13. Bxd4 b5 14. a3 Bb7 {0-1 (37) Ladanyi,Z (1920)-Gaal,S (2092) Hungary 2001}) 13. Nxc6 Qxc6 14. Bd3 Nc5 15. Bxc5 Qxc5 ({But not} 15... Bxc5 16. Qf3 $15 (16. Qh5 g6 $17)) 16. Qf3 Bd7 17. O-O-O $1 Bb5 $1 18. f5 {[#] aiming for f6.} ({Inferior is} 18. Nxb5 axb5 19. a3 b4 $19) 18... Bxd3 19. Rxd3 Rfc8 20. Qd1 Qb4 21. Kb1 Qf4 (21... Rc4 $14) 22. f6 (22. fxe6 $16 fxe6 23. Ne2) 22... Bf8 $11 23. Qe1 Bb4 {Precision: White = 62%, Black = 42%.} 1/2-1/2